000 01105 a2200229 4500
999 _c5993
_d5993
020 _a0070480273
050 0 0 _aT57.95 MAR 1995
100 1 _aMarshall, Kneale T.
_eauthor
245 1 0 _aDecision making and forecasting :
_bwith emphasis on model building and policy analysis /
_cKneale T. Marshall, Robert M. Oliver.
264 _aNew York :
_bMcGraw- Hill,
_c1995.
300 _axviii, 407 p. :
_bill. ;
440 0 _aMcGraw-Hill series in industrial engineering and management science
500 _aIncludes index
504 _aIncludes bibliographical references (p. [394]-397)
650 0 _aDecision making
_xMathematical models.
650 0 _aOperations research.
700 1 _aOliver, Robert M.
_eauthor
856 4 2 _3Publisher description
_uhttp://www.loc.gov/catdir/description/mh022/95000869.html
856 4 1 _3Table of contents
_uhttp://www.loc.gov/catdir/toc/mh022/95000869.html
942 _2lcc
_cBK
_h57.95
_iMAR
_kT